India : (Record no. 134703)

MARC details
000 -LEADER
fixed length control field 00730nam a22002297a 4500
005 - DATE AND TIME OF LATEST TRANSACTION
control field 20170124110232.0
010 ## - LIBRARY OF CONGRESS CONTROL NUMBER
LC control number B-119534
020 ## - INTERNATIONAL STANDARD BOOK NUMBER
Terms of availability 00.00
International Standard Book Number 817829303
035 ## - SYSTEM CONTROL NUMBER
System control number B-119534
037 ## - SOURCE OF ACQUISITION
Source of stock number/acquisition Cen Lib/Ret
040 ## - CATALOGING SOURCE
Original cataloging agency DPL
Language of cataloging EN
082 ## - DEWEY DECIMAL CLASSIFICATION NUMBER
Classification number 320.54
Item number IND
245 ## - TITLE STATEMENT
Title India :
Statement of responsibility, etc edited by Geeti Sen
Remainder of title a national culture? /
260 ## - PUBLICATION, DISTRIBUTION, ETC. (IMPRINT)
Place of publication, distribution, etc New Delhi
Name of publisher, distributor, etc Sage Publications
Date of publication, distribution, etc 2004
270 ## - ADDRESS
City New Delhi
Address B-42, Panchsheel Enclave
Postal code 110017
300 ## - PHYSICAL DESCRIPTION
Extent 294p.:
Dimensions 23cm(Hb)
500 ## - GENERAL NOTE
General note Includes bibliographical references
650 ## - SUBJECT ADDED ENTRY--TOPICAL TERM
Topical term or geographic name as entry element Civilization
Chronological subdivision 20th century
Geographic subdivision India
9 (RLIN) 41503
650 ## - SUBJECT ADDED ENTRY--TOPICAL TERM
Topical term or geographic name as entry element Nationalism
Chronological subdivision 20th century
Geographic subdivision India
9 (RLIN) 41504
700 ## - ADDED ENTRY--PERSONAL NAME
Personal name Sen, Geeti
9 (RLIN) 41505
942 ## - ADDED ENTRY ELEMENTS (KOHA)
Source of classification or shelving scheme Dewey Decimal Classification
Koha item type English Books
Classification part 320.54
Call number suffix IND
Holdings
Withdrawn status Lost status Damaged status Not for loan Collection code Home library Current library Date acquired Source of acquisition Cost, normal purchase price Total Checkouts Full call number Barcode Date last seen Copy number Cost, replacement price Price effective from Koha item type
      Not For Loan Reference Central Library Central Library 31/07/2015 Cen Lib/Ret 0.00   320.54 IND B-119534 31/07/2015 1 0.00 15/09/2016 English Books

© Delhi Public Library
Hit Counter
free hit counter